[Event "MVP-ch Seniors op 19th"]
[Site "Ostseebad Binz"]
[Date "2019.12.05"]
[Round "9"]
[White "Wierschke, Waldemar"]
[Black "Narr, Irmgard"]
[Result "1-0"]
[WhiteElo "1584"]
[BlackElo "1701"]
[PlyCount "33"]
[EventDate "2019.11.27"]
[EventType "swiss"]
[EventRounds "9"]
[EventCountry "GER"]
[SourceTitle "EXT 2021"]
[Source "ChessBase"]
[SourceDate "2020.10.23"]
[SourceVersion "1"]
[SourceVersionDate "2020.10.23"]
[SourceQuality "1"]

1. e4 e6 2. d4 d5 3. Nc3 Be7 4. e5 c5 5. f4 Qb6 6. Nb5 Bd7 7. a4 Nc6 8. Bd2 a6 9. a5 Qd8 10. Nc3 Nxa5 11. Na4 Nc6 12. Nxc5 Bxc5 13. dxc5 Nge7 14. b4 Ng6 15. Bd3 Nce7 16. Nf3 0-0 17. 0-0 1-0

[Event "MVP-ch Seniors op 19th"]
[Site "Ostseebad Binz"]
[Date "2019.12.03"]
[Round "7"]
[White "Kremser, Ulrich"]
[Black "Narr, Irmgard"]
[Result "0-1"]
[WhiteElo "1452"]
[BlackElo "1701"]
[PlyCount "90"]
[EventDate "2019.11.27"]
[EventType "swiss"]
[EventRounds "9"]
[EventCountry "GER"]
[SourceTitle "EXT 2021"]
[Source "ChessBase"]
[SourceDate "2020.10.23"]
[SourceVersion "1"]
[SourceVersionDate "2020.10.23"]
[SourceQuality "1"]

1. e4 e6 2. d4 d5 3. e5 c5 4. c3 Qb6 5. Nf3 Nc6 6. Be2 Bd7 7. 0-0 cxd4 8. cxd4 Nge7 9. Nc3 Nf5 10. Na4 Qc7 11. Nc5 Bxc5 12. dxc5 Nxe5 13. Nxe5 Qxe5 14. Re1 Qc7 15. b4 0-0 16. Bb2 a6 17. Rc1 Bc6 18. Bg4 Qf4 19. a3 Nh6 20. Bh3 Rfe8 21. Be5 Qh4 22. Rc3 f6 23. Bg3 Qg5 24. Bxe6+ Kh8 25. h3 f5 26. Re5 Qf6 27. Qe1 Rf8 28. Bxd5 Bxd5 29. Rxd5 f4 30. Bh2 Rae8 31. Qd2 Re4 32. Rdd3 Rfe8 33. Rc1 g5 34. Kf1 Nf5 35. Kg1 Qe6 36. Kh1 Re2 37. Qc3+ Kg8 38. Bg1 Nh4 39. Kh2 Qc6 40. Qc4+ Kg7 41. Qd5 Qxd5 42. Rxd5 h6 43. Rd7+ R2e7 44. Rd6 Nf5 45. Rd3 h5 0-1

[Event "GER-ch Seniors 65 31st"]
[Site "Radebeul"]
[Date "2019.05.02"]
[Round "7"]
[White "Narr, Irmgard"]
[Black "Werl, Ralf Dieter"]
[Result "1/2-1/2"]
[WhiteElo "1708"]
[BlackElo "1904"]
[PlyCount "100"]
[EventDate "2019.04.26"]
[EventType "swiss"]
[EventRounds "9"]
[EventCountry "GER"]
[SourceTitle "CBM 190 Extra"]
[Source "ChessBase"]
[SourceDate "2019.07.15"]
[SourceVersion "1"]
[SourceVersionDate "2019.07.15"]
[SourceQuality "1"]

1. e4 e5 2. Nf3 Nc6 3. Bc4 Bc5 4. c3 Nf6 5. d3 h6 6. b4 Bb6 7. a4 a6 8. a5 Ba7 9. 0-0 d6 10. Re1 0-0 11. h3 Ne7 12. Nbd2 Ng6 13. Nf1 c6 14. Bb3 Qc7 15. Be3 c5 16. Rc1 Be6 17. Bxe6 fxe6 18. Qb3 Qf7 19. bxc5 Bxc5 20. Bxc5 dxc5 21. c4 Nh5 22. Qb2 Nhf4 23. Re3 Qc7 24. Kh2 Rad8 25. Qd2 Ne7 26. g3 Nfg6 27. Kg2 Nc6 28. Ra1 Rf7 29. Qc3 Nd4 30. N1h2 Rdf8 31. Qe1 Nc2 32. Qc1 Nxa1 33. Qxa1 h5 34. h4 Ne7 35. Re2 Nc6 36. Ra2 Nd4 37. Nxd4 exd4 38. Qc1 Qe7 39. f4 e5 40. f5 Qf6 41. Nf3 g6 42. Ng5 gxf5 43. Nxf7 Rxf7 44. Rf2 f4 45. Qd1 Qg6 46. Rf3 Qg4 47. Qa4 Rg7 48. Qe8+ Kh7 49. Qxe5 Qxh4 50. Qf5+ Kh8 1/2-1/2

[Event "Schleswig Holstein-ch Seniors op 11th"]
[Site "Buesum"]
[Date "2017.09.13"]
[Round "6"]
[White "Stratmann, Alois"]
[Black "Narr, Irmgard"]
[Result "0-1"]
[WhiteElo "1580"]
[BlackElo "1685"]
[PlyCount "60"]
[EventDate "2017.09.08"]
[EventType "swiss"]
[EventRounds "9"]
[EventCountry "GER"]
[SourceTitle "EXT 2019"]
[Source "ChessBase"]
[SourceDate "2018.10.10"]
[SourceVersion "1"]
[SourceVersionDate "2018.10.10"]
[SourceQuality "1"]

1. c4 Nf6 2. Nf3 b6 3. Nc3 Bb7 4. g3 e6 5. Bg2 c5 6. d3 Be7 7. 0-0 d6 8. a3 0-0 9. Rb1 Nbd7 10. b4 Rb8 11. Bf4 Nh5 12. Bd2 Nhf6 13. Nb5 a6 14. Nc3 d5 15. cxd5 Nxd5 16. Nxd5 Bxd5 17. Bf4 Ra8 18. Bd2 b5 19. bxc5 Bxc5 20. Bb4 Qb6 21. d4 Bxb4 22. axb4 Rac8 23. e3 Nf6 24. Ne5 Bxg2 25. Kxg2 Qd6 26. Qb3 Ne4 27. Rfd1 Nc3 28. Ra1 Nxd1 29. Rxd1 Qb6 30. Nd7 Qb7+ 0-1

[Event "MVP-ch Seniors op 16th"]
[Site "Binz"]
[Date "2016.11.29"]
[Round "7.62"]
[White "Narr, Irmgard"]
[Black "Wenske, Hardy"]
[Result "0-1"]
[WhiteElo "1687"]
[BlackElo "1819"]
[PlyCount "120"]
[EventDate "2016.11.23"]
[EventType "swiss"]
[EventRounds "9"]
[EventCountry "GER"]
[SourceTitle "EXT 2018"]
[Source "ChessBase"]
[SourceDate "2017.10.13"]
[SourceVersion "1"]
[SourceVersionDate "2017.10.13"]
[SourceQuality "1"]

1. e4 c6 2. Nf3 e6 3. d4 d5 4. exd5 cxd5 5. c3 a6 6. Bd3 Nf6 7. Bf4 Bd6 8. Bxd6 Qxd6 9. Ne5 Nc6 10. f4 Ne7 11. 0-0 Qb6 12. Rf2 0-0 13. a4 Nf5 14. a5 Qd8 15. Nd2 Ne8 16. Qe2 f6 17. Ng4 Ned6 18. Nb3 Re8 19. Qf3 Qe7 20. Re1 Qf7 21. Nc5 Rb8 22. b4 Qc7 23. Bc2 Qf7 24. Ba4 Re7 25. Rfe2 Nc4 26. Bb3 Ncd6 27. Bc2 Re8 28. h3 h5 29. Ne3 Nh6 30. Nf1 h4 31. Nh2 f5 32. g3 hxg3 33. Qxg3 Ne4 34. Nxe4 fxe4 35. Ng4 Nxg4 36. hxg4 Kf8 37. Rh2 Ke7 38. f5 Bd7 39. Qh4+ Qf6 40. Qxf6+ Kxf6 41. fxe6 Bxe6 42. Rf1+ Kg5 43. Rg2 Rf8 44. Rxf8 Rxf8 45. Bd1 Rf4 46. Rf2 e3 47. Rh2 g6 48. Be2 Rf8 49. Rg2 Rc8 50. c4 dxc4 51. Rg3 c3 52. Rxe3 c2 53. Re5+ Kh4 54. Rc5 Rxc5 55. dxc5 c1Q+ 56. Kf2 Qf4+ 57. Ke1 Kg3 58. Kd1 Bb3+ 59. Ke1 Qf2+ 60. Kd2 Qd4+ 0-1

[Event "Schleswig Holstein-ch Seniors op 10th"]
[Site "Buesum"]
[Date "2016.10.04"]
[Round "9"]
[White "Narr, Irmgard"]
[Black "Schmieder, Wolfgang Ernst"]
[Result "0-1"]
[WhiteElo "1679"]
[BlackElo "1804"]
[PlyCount "105"]
[EventDate "2016.09.26"]
[EventType "swiss"]
[EventRounds "9"]
[EventCountry "GER"]
[SourceTitle "EXT 2019"]
[Source "ChessBase"]
[SourceDate "2018.10.10"]
[SourceVersion "1"]
[SourceVersionDate "2018.10.10"]
[SourceQuality "1"]

1. e4 g6 2. Nf3 Bg7 3. c3 b6 4. Bc4 Bb7 5. d3 Nf6 6. 0-0 0-0 7. Bg5 h6 8. Be3 d5 9. exd5 Bxd5 10. Bxd5 Nxd5 11. d4 Nd7 12. Qd3 Kh7 13. h3 Nxe3 14. Qxe3 Nf6 15. Nbd2 Ng8 16. Rfe1 e6 17. Ne4 Qd5 18. Ng3 Rad8 19. b3 Qb7 20. Rad1 Ne7 21. Qd3 Nf5 22. Nxf5 exf5 23. Re2 Rde8 24. Rde1 Rxe2 25. Rxe2 c5 26. Qc4 cxd4 27. cxd4 Rc8 28. Qd3 Rc1+ 29. Re1 Rxe1+ 30. Nxe1 Qe4 31. Qxe4 fxe4 32. d5 Be5 33. Nc2 a5 34. Kf1 f5 35. Ne3 b5 36. a4 b4 37. Nc4 Bc7 38. Ke2 Kg7 39. Ke3 Kf6 40. f3 exf3 41. Kxf3 g5 42. Ke3 h5 43. Kd4 h4 44. Ke3 g4 45. Ke2 Kg5 46. Kf2 Kf4 47. d6 Bd8 48. d7 Ke4 49. Nd6+ Kd3 50. Nxf5 gxh3 51. gxh3 Kc3 52. Nd6 Kxb3 53. Nb7 0-1

[Event "Schleswig Holstein-ch Seniors op 10th"]
[Site "Buesum"]
[Date "2016.10.01"]
[Round "6"]
[White "Jung, Michael"]
[Black "Narr, Irmgard"]
[Result "1-0"]
[WhiteElo "1819"]
[BlackElo "1679"]
[PlyCount "96"]
[EventDate "2016.09.26"]
[EventType "swiss"]
[EventRounds "9"]
[EventCountry "GER"]
[SourceTitle "EXT 2019"]
[Source "ChessBase"]
[SourceDate "2018.10.10"]
[SourceVersion "1"]
[SourceVersionDate "2018.10.10"]
[SourceQuality "1"]

1. g3 Nf6 2. Bg2 e6 3. c4 c6 4. e4 d6 5. Nc3 Nbd7 6. d4 Be7 7. Nf3 h6 8. 0-0 0-0 9. b3 Re8 10. Bb2 Nf8 11. Qc2 Qc7 12. Rfe1 Ng6 13. Rad1 a6 14. Re2 e5 15. dxe5 dxe5 16. Red2 Bc5 17. a3 Bg4 18. b4 Bf8 19. c5 Qc8 20. Na4 Rb8 21. Nb6 Qe6 22. Nc4 Bh3 23. Nfxe5 Bxg2 24. Kxg2 Nxe5 25. Nxe5 Ng4 26. Nxg4 Qxg4 27. f3 Qg5 28. Rd7 Re7 29. Bc1 Qf6 30. Bf4 Rbe8 31. Rd8 Re6 32. Rxe8 Rxe8 33. Bd6 Be7 34. Bf4 Rd8 35. Rxd8+ Bxd8 36. Qd2 Qe7 37. Bd6 Qd7 38. e5 Bg5 39. f4 Bd8 40. Qd3 f6 41. Qc4+ Kh8 42. e6 Qe8 43. Qe2 a5 44. f5 b6 45. e7 Kh7 46. Qe6 bxc5 47. bxc5 a4 48. exd8Q Qxd8 1-0

[Event "Schleswig Holstein-ch Seniors op 10th"]
[Site "Buesum"]
[Date "2016.09.30"]
[Round "5"]
[White "Bars, Joachim"]
[Black "Narr, Irmgard"]
[Result "1-0"]
[WhiteElo "1920"]
[BlackElo "1679"]
[PlyCount "89"]
[EventDate "2016.09.26"]
[EventType "swiss"]
[EventRounds "9"]
[EventCountry "GER"]
[SourceTitle "EXT 2019"]
[Source "ChessBase"]
[SourceDate "2018.10.10"]
[SourceVersion "1"]
[SourceVersionDate "2018.10.10"]
[SourceQuality "1"]

1. d4 Nf6 2. c4 b6 3. Nc3 Bb7 4. Qc2 e6 5. e4 d6 6. Bd3 Be7 7. Nge2 0-0 8. 0-0 a6 9. e5 dxe5 10. dxe5 Nfd7 11. Bxh7+ Kh8 12. Be4 Qc8 13. f4 Nc5 14. Bf3 g6 15. Be3 Kg7 16. Rad1 Nc6 17. a3 Rh8 18. b4 Nd7 19. Nd4 Nd8 20. Nb3 Bxf3 21. Rxf3 Nc6 22. Ne4 Bd8 23. Qd3 Ndb8 24. c5 b5 25. Bd2 Ne7 26. Nf6 Nf5 27. Bc3 Nc6 28. Qe4 Nce7 29. c6 Nh6 30. Nc5 Nef5 31. Ncd7 Bxf6 32. exf6+ Kg8 33. Rfd3 Nd6 34. Qf3 Nhf5 35. g4 Nh4 36. Qh1 Qe8 37. Rh3 Nc4 38. Be1 Nf5 39. Rxh8+ Kxh8 40. gxf5 gxf5 41. Qf3 Qg8+ 42. Kh1 Qh7 43. Rd3 Rg8 44. Qf1 Rg6 45. Nf8 1-0

[Event "Hessen-ch Seniors op 12th"]
[Site "Bad Sooden-Allendorf"]
[Date "2016.05.05"]
[Round "6"]
[White "Koehler, Marianne"]
[Black "Narr, Irmgard"]
[Result "1-0"]
[WhiteElo "1648"]
[BlackElo "1730"]
[PlyCount "151"]
[EventDate "2016.04.30"]
[EventType "swiss"]
[EventRounds "9"]
[EventCountry "GER"]
[SourceTitle "EXT 2019"]
[Source "ChessBase"]
[SourceDate "2018.10.10"]
[SourceVersion "1"]
[SourceVersionDate "2018.10.10"]
[SourceQuality "1"]

1. e4 e6 2. Nf3 b6 3. Be2 Bb7 4. d3 c5 5. Nbd2 Be7 6. Nc4 d6 7. 0-0 h6 8. Bd2 b5 9. Ne3 Nf6 10. Ne1 a6 11. c3 Nbd7 12. Ng4 Nxg4 13. Bxg4 Ne5 14. Be2 d5 15. f4 Nd7 16. e5 Qc7 17. Bf3 0-0 18. g3 a5 19. Be3 c4 20. d4 b4 21. Ng2 Rab8 22. Bg4 Rfe8 23. Bh3 Nf8 24. Qg4 Bc6 25. Qh5 bxc3 26. bxc3 Ba3 27. Bc1 Bxc1 28. Raxc1 Rb2 29. Rf2 Qb7 30. Qf3 Rb1 31. Qd1 Rb2 32. Rxb2 Qxb2 33. Rc2 Qa3 34. Ne3 Bd7 35. Qc1 Qxc1+ 36. Rxc1 Rb8 37. f5 Rb2 38. Rc2 Rxc2 39. Nxc2 exf5 40. Bg2 Be6 41. Ne3 Nd7 42. Bxd5 Nb6 43. Bc6 Kf8 44. d5 Bc8 45. d6 Be6 46. Kf2 g5 47. Kf3 h5 48. h4 gxh4 49. gxh4 Bd7 50. Bxd7 Nxd7 51. Kf4 Nc5 52. Nxc4 Ne4 53. Nxa5 Nxc3 54. Kxf5 Nd5 55. Nc6 Ke8 56. Kg5 Kd7 57. Ne7 Ne3 58. a4 Nc4 59. Kf6 Ke8 60. Nf5 Kd7 61. Ng7 Kc6 62. a5 Nxa5 63. Kxf7 Nc4 64. Ke6 Nb6 65. Nxh5 Nd7 66. Nf6 Nc5+ 67. Kf5 Nb3 68. h5 Nd4+ 69. Ke4 Ne6 70. h6 Ng5+ 71. Kf5 Nf7 72. h7 Kb7 73. Ke6 Nh8 74. Kd7 Ng6 75. e6 Ne5+ 76. Ke8 1-0

[Event "GER-chB Seniors 27th"]
[Site "Magdeburg"]
[Date "2015.08.15"]
[Round "1"]
[White "Narr, Irmgard"]
[Black "Bars, Joachim"]
[Result "0-1"]
[WhiteElo "1743"]
[BlackElo "1945"]
[PlyCount "116"]
[EventDate "2015.08.15"]
[EventType "swiss"]
[EventRounds "9"]
[EventCountry "GER"]
[SourceTitle "EXT 2018"]
[Source "ChessBase"]
[SourceDate "2017.10.13"]
[SourceVersion "1"]
[SourceVersionDate "2017.10.13"]
[SourceQuality "1"]

1. e4 c6 2. Nf3 d5 3. exd5 cxd5 4. d4 Bg4 5. c3 Nc6 6. Bf4 e6 7. Nbd2 Bd6 8. Bxd6 Qxd6 9. Qa4 Nge7 10. Bd3 0-0 11. Qc2 h6 12. 0-0 Rac8 13. h3 Bh5 14. Rae1 Nb4 15. Qb1 Nxd3 16. Qxd3 Bg6 17. Qe2 Nc6 18. Nh4 Bh7 19. Rc1 Rc7 20. Rfe1 Rfc8 21. Nb3 b6 22. Nf3 Be4 23. Nfd2 Bg6 24. Nf1 a5 25. Qb5 Na7 26. Qe2 a4 27. Nbd2 b5 28. a3 Qb6 29. Nf3 Bh7 30. Ng3 Nc6 31. Qe3 Na5 32. Nd2 Nc4 33. Nxc4 bxc4 34. Re2 Rb7 35. Rce1 Rcb8 36. f3 Qd6 37. Qf2 Rb3 38. Nf1 Qb6 39. Ne3 Bd3 40. Rd2 Rxb2 41. Ng4 Rxd2 42. Qxd2 Qd6 43. Qc1 Rb3 44. Ne5 Bh7 45. Qf4 Qe7 46. Nc6 Qe8 47. Nb4 Qa8 48. Qc1 Qb8 49. Kf2 Qd8 50. g3 Qg5 51. f4 Qh5 52. Kg2 Be4+ 53. Kh2 Qf3 54. Qd2 Rxc3 55. Rg1 Re3 56. Rg2 Qxg2+ 57. Qxg2 Bxg2 58. Kxg2 Rxa3 0-1

[Event "Hessen-ch Seniors op 11th"]
[Site "Bad Sooden-Allendorf"]
[Date "2015.05.15"]
[Round "7"]
[White "Narr, Irmgard"]
[Black "Abel, Hans Peter"]
[Result "0-1"]
[WhiteElo "1743"]
[BlackElo "1956"]
[PlyCount "95"]
[EventDate "2015.05.09"]
[EventType "swiss"]
[EventRounds "9"]
[EventCountry "GER"]
[SourceTitle "EXT 2018"]
[Source "ChessBase"]
[SourceDate "2017.10.13"]
[SourceVersion "1"]
[SourceVersionDate "2017.10.13"]
[SourceQuality "1"]

1. e4 c5 2. Nf3 g6 3. Bc4 Nc6 4. c3 Bg7 5. d3 b6 6. Bg5 Qc7 7. Nbd2 Nf6 8. Bh4 d6 9. Qb3 0-0 10. Ng5 e6 11. Bg3 h6 12. Ngf3 Na5 13. Qc2 Nh5 14. 0-0 Nxg3 15. fxg3 Bb7 16. a3 Nxc4 17. Nxc4 d5 18. exd5 exd5 19. Ncd2 Rfe8 20. Rae1 Qd6 21. Rxe8+ Rxe8 22. Re1 Rxe1+ 23. Nxe1 Qc6 24. Ndf3 g5 25. Qd2 g4 26. Nh4 d4 27. c4 h5 28. Qf2 Bc8 29. b4 Bh6 30. Nc2 Bg5 31. h3 f5 32. hxg4 hxg4 33. Kf1 Bd7 34. b5 Qf6 35. Nf3 gxf3 36. Qxf3 Qe7 37. Qb7 Be6 38. Qb8+ Kg7 39. Ne1 f4 40. Qe5+ Kg6 41. Nf3 Qf6 42. Ke2 Qxe5+ 43. Nxe5+ Kf6 44. gxf4 Bxf4 45. Nc6 Bg4+ 46. Kf2 Ke6 47. Nxa7 Kd6 48. Nc6 0-1